• 首页
  • 本馆介绍
  • 公告通知
  • 最新文献
  • 馆藏检索
  • 电子资源
  • 读者导购
  • 参考咨询
  • 我的图书馆
  • 登录
  • 详细信息显示
  • 放入我的书架
  • 预约/预借图书
  • 作者相关作品
  • 分类相关作品
  • 丛书相关作品
  • 出版社相关作品

书目信息

  • 表格格式
  • 工作单格式
  • 卡片格式
题名:
生态学马克思主义思想简论
    
 
作者: 吴宁 编著
分册: 上册  
出版信息: 北京   中国环境出版社  2015.11
页数: 35,255页
开本: 23cm
丛书名: 绿色经济与绿色发展丛书
单 册:
中图分类: A811.693
科图分类:
主题词: 马克思主义--生态学--思想评论
电子资源:
ISBN: 978-7-5111-2618-4
000 01264oam2 2200289 450
001 0120161972162
005 20180906090757.51
010    @a978-7-5111-2618-4@dCNY47.50,CNY95.00(全2册)
100    @a20160824d2015 em y0chiy50 ea
101 0  @achi
102    @aCN@b110000
105    @ay z 000yy
106    @ar
200 1  @a生态学马克思主义思想简论@9sheng tai xue ma ke si zhu yi si xiang jian lun@dOutline on ecological Marxism thought@h上册@f吴宁编著@zeng
210    @a北京@c中国环境出版社@d2015.11
215    @a35,255页@d23cm
225 2  @a绿色经济与绿色发展丛书
300    @a国家出版基金项目 “十二五”国家重点图书出版规划项目
330    @a本书对生态马克思主义思想进行了全面细致的论述,主要包括以下内容:赫伯特·马尔库塞、威廉·莱斯、本·阿格尔、戴维·佩珀、泰德·本顿、乔纳森·休想、詹姆斯·奥康纳、约翰·贝拉米·福斯特、乔尔·克沃尔、保罗·柏格特、岩佐茂、安德烈·高兹、萨拉·萨卡、何萍、陈学明和刘思华的生态学马克思主义思想。
333    @a马克思主义研究人员
461  0 @12001 @a绿色经济与绿色发展丛书
510 1  @aOutline on ecological Marxism thought@zeng
606 0  @a马克思主义@x生态学@x思想评论
690    @aA811.693@v5
701  0 @a吴宁@9wu ning@4编著
801  0 @aCN@b人天书店@c20160824
905    @b1085066-70@dA811.693@e319:1@f5
    
    生态学马克思主义思想简论=Outline on ecological Marxism thought.上册/吴宁编著.-北京:中国环境出版社,2015.11
    35,255页;23cm.-(绿色经济与绿色发展丛书)
    国家出版基金项目 “十二五”国家重点图书出版规划项目.-使用对象:马克思主义研究人员
    
    ISBN 978-7-5111-2618-4:CNY47.50,CNY95.00(全2册)
    本书对生态马克思主义思想进行了全面细致的论述,主要包括以下内容:赫伯特·马尔库塞、威廉·莱斯、本·阿格尔、戴维·佩珀、泰德·本顿、乔纳森·休想、詹姆斯·奥康纳、约翰·贝拉米·福斯特、乔尔·克沃尔、保罗·柏格特、岩佐茂、安德烈·高兹、萨拉·萨卡、何萍、陈学明和刘思华的生态学马克思主义思想。
●
相关链接 在E读中查询图书 在五车中查询图书 在当当中查询图书 在豆瓣中查询图书


正题名:生态学马克思主义思想简论     索取号:A811.693/319:1         预约/预借

序号 登录号 条形码 馆藏地/架位号 状态 备注
1 1085066   210850667   第一样本阅览室/ [索取号:A811.693/319:1] 在馆    
2 1085067   210850676   教育系资料室/ [索取号:A811.693/319:1] 在馆    
3 1085068   210850685   教育系资料室/ [索取号:A811.693/319:1] 在馆    
4 1085069   210850694   第一借阅区/ [索取号:A811.693/319:1] 在馆    
5 1085070   210850701   第一借阅区/ [索取号:A811.693/319:1] 在馆    
唐山师范学院图书馆 欢迎您!
大连网信软件有限公司© 版权所有